000 00821nmc a2200277 a 4500
003 AR-BaBNM
005 20251128211643.0
008 185020s2000 ||||||||||||||000 | spa||
020 _a84-7133-695-2
040 _cAR-BaBNM
100 1 _aBolĂ­var, Antonio
245 1 0 _aLos centros educativos como organizaciones que aprenden
_bpromesas y realidades
260 _aMadrid
_bLa Muralla
_c2000
300 0 _a252 p.
490 0 _aAula abierta
504 _aIncluye referencias bibliográficas al final del volumen
650 4 _aORGANIZACION ESCOLAR
650 4 _aORGANIZACIONES
650 4 _aPROCESO DE APRENDIZAJE
653 _aGESTION DEL CONOCIMIENTO
653 _aINSTITUCIONES EDUCATIVAS
653 _aAPRENDIZAJE ORGANIZACIONAL
800 1 _aCasanova, Ma. Antonia
942 _cBK
998 _ccalidad
999 _c20596
_d20596